| 000 | 00470cam a2200181ua 4500 | ||
|---|---|---|---|
| 020 | _c13.75 | ||
| 041 |
_aeng _h |
||
| 082 |
_a620.1 _bPAU/AP |
||
| 100 | _aPaul, P U . | ||
| 245 |
_aApplied mechanics text book for engineering students / _cP U Paul. _hTextual Documents |
||
| 260 |
_aTrichur : _bEngineering college , _c1972. |
||
| 300 | _a328 ; . | ||
| 365 | _a13.75 | ||
| 504 | _a | ||
| 700 | 1 | _aVeerankutty, M K . | |
| 942 | _cBK | ||
| 999 |
_c11060 _d11060 |
||